000 00444pab a2200169 454500
008 180718b2005 xxu||||| |||| 00| 0 eng d
100 _aRahman, M. Mizanur
245 _aFactors influencing utilisation of adolescent maternal care: an explorative study
260 _c2005
300 _ap.24-34.
362 _aMar
650 _aAdolescence
700 _aShahidullah, M.
700 _aKabir, M.
773 _aSocial Change
909 _a68406
999 _c68406
_d68406